00309nam a2200121Ia 4500008004100000041000800041082001600049100001600065245004400081260002700125300002400152365001100176240624s9999 xx 000 0 und d aeng a658.401 ABB aABBOTT DEAN aAPPLIED PREDICTIVE ANALYTICS PRINCIPLES c2014aNew DelhibWiley a427 : p. : cm. ; 28 cRSb33